Statistics for Least Guessed Countries

Click here to take the quiz!

General Stats

  • This quiz has been taken 22 times
  • The average score is 14 of 20

Answer Stats

Percentage GuessedAnswer% Correct
23%Vanuatu
85%
20%Comoros
80%
20%Kiribati
80%
21%Palau
80%
21%Tuvalu
80%
23%Marshall Islands
75%
20%Nauru
75%
19%Sao Tome and Principe
75%
26%Tonga
75%
24%East Timor
70%
25%Saint Kitts and Nevis
70%
25%Saint Lucia
70%
21%Saint Vincent and the Grenadines
70%
24%Solomon Islands
70%
25%Antigua and Barbuda
65%
26%Brunei
60%
22%Grenada
60%
25%Burundi
45%
24%Guinea-Bissau
45%
25%Equatorial Guinea
40%

Score Distribution

Percentile by Number Answered

Percent of People with Each Score

Your Score History

You have not taken this quiz